| 000 | 00422 a2200157 4500 | ||
|---|---|---|---|
| 999 |
_c320993 _d320993 |
||
| 001 | 85920 | ||
| 003 | NUST | ||
| 005 | 20180121180620.0 | ||
| 008 | 180121b xxu||||| |||| 00| 0 eng d | ||
| 020 | _a9780072315981 | ||
| 082 | _a330 SHA | ||
| 100 |
_aAnsel Miree Sharp ; Charles A Register ; Paul W Grimes _99395 |
||
| 245 |
_aEconomics of social issues _hEnglish |
||
| 250 | _a1st | ||
| 260 |
_aBoston _bMcGraw-Hill _c2000 |
||
| 300 | _axvi, 495 p. | ||
| 500 | _aGifted By AM Masood Akhtar | ||
| 942 |
_acaenust _cBK _k330 SHA _2ddc |
||